000 00728nam a2200289Ia 4500
005 20260324120536.0
008 008 260324s9999 xx 000 0 eng d
020 _a9781315756035
037 _aEBOOK
040 _aCRL
040 _beng
040 _cCRL
041 _2eng
041 _aeng
084 _qCRL
100 _aWouter Vandenhole
_91158981
245 0 _aChallenging Territoriality in Human Rights Law
245 0 _bBuilding Blocks for a Plural and Diverse Duty-Bearer Regime
260 _bTaylor and Francis
260 _c2015
365 _a
365 _b255
856 _uhttp://www.taylorfrancis.com/books/9781315756035
942 _cEBOOK
999 _c1750581
_d1750581